Video production and digital photography for beginners : (Record no. 23987)
[ view plain ]
| 000 -LEADER | |
|---|---|
| fixed length control field | 00601nam a2200193 a 4500 |
| 005 - DATE AND TIME OF LATEST TRANSACTION | |
| control field | 20140310183504.0 |
| 008 - FIXED-LENGTH DATA ELEMENTS--GENERAL INFORMATION | |
| fixed length control field | 101014s19uu xx 00 eng d |
| 050 ## - LIBRARY OF CONGRESS CALL NUMBER | |
| Classification number | TK 6655 |
| Item number | .V652 2010 |
| 100 ## - MAIN ENTRY--PERSONAL NAME | |
| Personal name | Ortiz, Florida Valencia. |
| 245 ## - TITLE STATEMENT | |
| Title | Video production and digital photography for beginners : |
| Remainder of title | lecture lesson plans / |
| 260 ## - PUBLICATION, DISTRIBUTION, ETC. (IMPRINT) | |
| Place of publication, distribution, etc | Philippines : |
| Name of publisher, distributor, etc | TechFactors, Inc, |
| Date of publication, distribution, etc | 2010. |
| 300 ## - PHYSICAL DESCRIPTION | |
| Extent | 17 p. : |
| Dimensions | 26 cm. |
| 521 ## - TARGET AUDIENCE NOTE | |
| Target audience note | |
| 650 ## - SUBJECT ADDED ENTRY--TOPICAL TERM | |
| Topical term or geographic name as entry element | Video production |
| General subdivision | lesson plan. |
| 650 ## - SUBJECT ADDED ENTRY--TOPICAL TERM | |
| Topical term or geographic name as entry element | Digital photography |
| General subdivision | lesson plan. |
| 700 ## - ADDED ENTRY--PERSONAL NAME | |
| Personal name | Amante, Mai Ryza |
| 942 ## - ADDED ENTRY ELEMENTS (KOHA) | |
| Koha item type | Books |
| Source of classification or shelving scheme | Library of Congress Classification |
| Call number prefix | Local |
| Withdrawn status | Lost status | Source of classification or shelving scheme | Damaged status | Home library | Current library | Shelving location | Date acquired | Total Checkouts | Full call number | Barcode | Date last seen | Copy number | Price effective from | Koha item type |
|---|---|---|---|---|---|---|---|---|---|---|---|---|---|---|
| Library of Congress Classification | College Library | College Library | General Circulation Section | 10/14/2010 | TK 6655 .V652 2010 | C11315 | 05/15/2018 | 1 | 10/18/2013 | Books |